| 000 -LEADER |
| fixed length control field |
00815cam a22002294a 4500 |
| 020 ## - INTERNATIONAL STANDARD BOOK NUMBER |
| ISBN |
078797563X (alk. paper) |
| 040 ## - CATALOGING SOURCE |
| Transcribing agency |
DLC |
| 082 00 - DEWEY DECIMAL CLASSIFICATION NUMBER |
| Classification number |
259 JOS 2005 A008 Or. |
| 100 1# - MAIN ENTRY--AUTHOR NAME |
| Personal name |
Stuart, Timothy S. |
| 245 10 - TITLE STATEMENT |
| Title |
Raising children at promise : |
| Remainder of title |
how the surprising gifts of adversity and relationship build character in kids / |
| 250 ## - EDITION STATEMENT |
| Edition statement |
1st ed. |
| 260 ## - PUBLICATION, DISTRIBUTION, ETC. (IMPRINT) |
| Place of publication |
San Francisco, CA : |
| Name of publisher |
Jossey-Bass, |
| Year of publication |
c2005. |
| 300 ## - PHYSICAL DESCRIPTION |
| Number of Pages |
vii, 163 p. : |
| Other physical details |
ill. ; |
| Dimensions |
24 cm. |
| 650 #0 - SUBJECT ADDED ENTRY--TOPICAL TERM |
| Topical Term |
Child rearing |
| 650 #0 - SUBJECT ADDED ENTRY--TOPICAL TERM |
| Topical Term |
Parenting |
| 700 1# - ADDED ENTRY--PERSONAL NAME |
| Personal name |
Stuart, Mona, |
| 700 12 - ADDED ENTRY--PERSONAL NAME |
| Personal name |
Stuart, Timothy S. |
| 856 41 - ELECTRONIC LOCATION AND ACCESS |
| Uniform Resource Identifier |
http://www.loc.gov/catdir/toc/ecip0422/2004019600.html |
| 856 42 - ELECTRONIC LOCATION AND ACCESS |
| Uniform Resource Identifier |
http://www.loc.gov/catdir/enhancements/fy0616/2004019600-b.html |
| 856 42 - ELECTRONIC LOCATION AND ACCESS |
| Uniform Resource Identifier |
http://www.loc.gov/catdir/enhancements/fy0616/2004019600-d.html |
| 942 ## - ADDED ENTRY ELEMENTS (KOHA) |
| Koha item type |
សៀវភៅភាសាអង់គ្លេស |
| 952 ## - LOCATION AND ITEM INFORMATION (KOHA) |
| Withdrawn status [LOCAL, KOHA] |
0 |